Sports Quiz

Random Sports or Play Quiz

Name Every NBA Player To Play All 66 Games Quiz Stats

 Plays Quiz not verified by Sporcle

Challenge
Share
Tweet
Embed
Score 0/35 Timer 05:00
0 Plays Today
Team Player % Correct
PacersDavid West
92.2%
ThunderKevin Durant
90.5%
ThunderRussell Westbrook
88.8%
HawksJosh Smith
81.9%
ThunderSerge Ibaka
79.3%
BullsCarlos Boozer
78.4%
WizardsJohn Wall
74.1%
TimberwolvesDerrick Williams
74.1%
BucksBrandon Jennings
67.2%
ClippersBlake Griffin
65.5%
PistonsGreg Monroe
64.7%
PacersPaul George
62.1%
BobcatsKemba Walker
61.2%
KnicksLandry Fields
60.3%
HawksJeff Teague
58.6%
BullsRonnie Brewer
50.9%
PacersTyler Hansbrough
50.9%
PistonsBrandon Knight
50%
Team Player % Correct
NuggetsAndre Miller
48.3%
RocketsLuis Scola
48.3%
ClippersDeAndre Jordan
47.4%
JazzGordon Hayward
44.8%
BullsOmer Asik
42.2%
GrizzliesOJ Mayo
42.2%
SunsMarcin Gortat
41.4%
RaptorsEd Davis
39.7%
TrailblazersWesley Matthews
39.7%
SpursDanny Green
37.1%
76ersJodie Meeks
30.2%
RocketsGoran Dragic
28.4%
WarriorsKlay Thompson
25%
JazzEnes Kanter
21.6%
HornetsMarco Belinelli
20.7%
HornetsGreivis Vasquez
20.7%
HornetsAl-Farouq Aminu
15.5%

You're not logged in!

Compare scores with friends on all Sporcle quizzes.
Join for Free
OR
Log In

You Might Also Like...

Show Comments

Extras

Top Quizzes Today


Score Distribution

Your Account Isn't Verified!

In order to create a playlist on Sporcle, you need to verify the email address you used during registration. Go to your Sporcle Settings to finish the process.

Report this User

Report this user for behavior that violates our Community Guidelines.

Details: